| 000 | 00000nam 2200000zi 4500 |
| 001 | 9.945755 |
| 003 | CaOODSP |
| 005 | 20250324101601 |
| 006 | m o d f |
| 007 | cr mn||||||||| |
| 008 | 241129s1983 onca o f000 0 fre d |
| 040 | |aCaOODSP|bfre|erda|cCaOODSP |
| 043 | |an-cn--- |
| 086 | 1 |aId31-108/1983F-PDF |
| 245 | 00|aAperçu stratégique pour le Ministère de l'expansion industrielle régionale, 1984-1985 à 1987-1988. |
| 264 | 1|a[Ottawa] : |bGouvernement du Canada, Industrie et commerce et Expansion économique régionale = Government of Canada, Industry, Trade and Commerce and Regional Economic Expansion, |c[1983?] |
| 300 | |a1 ressource en ligne (19 pages) : |billustration |
| 336 | |atexte|btxt|2rdacontent/fre |
| 337 | |ainformatique|bc|2rdamedia/fre |
| 338 | |aressource en ligne|bcr|2rdacarrier/fre |
| 500 | |aPublié aussi en anglais sous le titre : Strategic overview for the Department of Regional Industrial Expansion, 1984/85 to 1987/88. |
| 500 | |aÉdition numérisée de l'imprimé [par Innovation, sciences et développement économique Canada]. |
| 610 | 16|aCanada. |bMinistère de l'expansion industrielle régionale|xPlanification. |
| 650 | 6|aPlanification stratégique|zCanada. |
| 710 | 1 |aCanada. |bIndustrie et commerce, |eorganisme de publication. |
| 710 | 1 |aCanada. |bExpansion économique régionale, |eorganisme de publication. |
| 775 | 08|tStrategic overview for the Department of Regional Industrial Expansion, 1984/85 to 1987/88.|w(CaOODSP)9.939953 |
| 856 | 40|qPDF|s710 Ko|uhttps://publications.gc.ca/collections/collection_2024/isde-ised/Id31-108-1983-fra.pdf |